Summary report of survey of attitudes of scientists and engineers in government and industry (Record no. 498748)

000 -LEADER
fixed length control field 00494cam a22001097a 4500
008 - FIXED-LENGTH DATA ELEMENTS--GENERAL INFORMATION
fixed length control field 180718b1957 xxu||||| |||| 00| 0 eng d
082 ## - DEWEY DECIMAL CLASSIFICATION NUMBER
Classification number X1x73 Un3
100 ## - MAIN ENTRY--PERSONAL NAME
Personal name Committee on Engineers and Scientists for Federal Governmen
245 ## - TITLE STATEMENT
Title Summary report of survey of attitudes of scientists and engineers in government and industry
Statement of responsibility, etc. by Committee on Engineers and Scientists for Federal Government Programmes, United States
260 ## - PUBLICATION, DISTRIBUTION, ETC.
Place of publication, distribution, etc. Washington
Name of publisher, distributor, etc. Government Printing Office
Date of publication, distribution, etc. 1957
300 ## - PHYSICAL DESCRIPTION
Extent 78+p.
Holdings
Withdrawn status Lost status Damaged status Not for loan Permanent Location Current Location Date acquired Full call number Barcode Date last seen Price effective from Koha item type
        Indian Institute of Public Administration Indian Institute of Public Administration 2018-08-04 X1x73 Un3 G1544 2018-08-04 2018-08-04 G

Powered by Koha